000 00409nam a2200145Ia 4500
005 20250429024415.0
008 240331s9999 xx 000 0 und d
082 _bTHI
_a300
100 _aThiagarajah,T
245 0 _aUravum thunaum
260 _aRajagiriya
_bViluthu, Centre For Human Resource Development
_c2005
300 _a36 p ., ( C 1)
500 _aAatruppani uthaviyaalarkalukkana kaiyedu
942 _cL
999 _c4760
_d4760